000 00941nam a22002897a 4500
001 03557
003 HDC
007 cr bn ---aaaaa
008 210110t1997 flu||||| |||| 00| 0 eng
020 _a9781566701679
040 _aHDC
100 _aMontgomery, John, H.
_93060
_eauthor
245 0 _aAgrochemicals Desk Reference : 2nd Edition
260 _aBoca Raton, Florida :
_b CRC Press,
_c1997
300 _a34 pages
336 _atext
_2rdacontent
337 _acomputer
_2rdamedia
338 _aonline resource
_2rdacarrier
500 _aInclude bibliographical references and index
650 _aagricultural chemicals
_93063
650 _aAgrochemicals
_93061
650 _apesticides
_93062
856 _zRequest full-text at [email protected]
942 _2lcc
942 _cCHAP
942 _kEBCH 001603
999 _c907
_d907